Normal view
MARC view
Entry Personal Name
001 - CONTROL NUMBER
- control field: 20268
003 - CONTROL NUMBER IDENTIFIER
- control field: ARRUPE
005 - DATE AND TIME OF LATEST TRANSACTION
- control field: 20151014112944.0
008 - FIXED-LENGTH DATA ELEMENTS
- fixed length control field: 151014|| aca||aabn | a|a d
040 ## - CATALOGING SOURCE
- Original cataloging agency: ARRUPE
- Transcribing agency: ARRUPE
100 ## - HEADING--PERSONAL NAME
- Personal name: Goudge, Thomas A.,
- Dates associated with a name: 1910-
670 ## - SOURCE DATA FOUND
- Source citation: Work cat.: (ARRUPE)0: Goudge, Thomas A., 1910-, The thought of C. S. Peirce, 1969